[Event "ESP-chT Rapid"]
[Site "Ubeda"]
[Date "2023.09.24"]
[Round "9.1"]
[White "Valle Portillo, Jose Daniel"]
[Black "Chigaev, Maksim"]
[Result "0-1"]
[WhiteElo "2075"]
[BlackElo "2615"]
[PlyCount "110"]
[EventDate "2023.09.23"]
[EventType "team-swiss (rapid)"]
[EventRounds "9"]
[EventCountry "ESP"]
[SourceTitle "CBM 216 Extra"]
[Source "ChessBase"]
[SourceDate "2023.11.30"]
[SourceVersion "1"]
[SourceVersionDate "2023.11.30"]
[SourceQuality "1"]
[WhiteTeam "Patrimonio de la Humanidad"]
[BlackTeam "Costa Calida"]
[WhiteTeamCountry "ESP"]
[BlackTeamCountry "ESP"]

1. e4 c5 2. Nf3 Nc6 3. b3 d6 4. Bb5 Bd7 5. 0-0 e5 6. c3 Nf6 7. Re1 Be7 8. d4 0-0 9. Bg5 Nxd4 10. Nxd4 cxd4 11. Bxd7 Nxd7 12. Bxe7 Qxe7 13. cxd4 Rac8 14. Nd2 a6 15. Nc4 Nf6 16. dxe5 dxe5 17. Qd6 Qxd6 18. Nxd6 Rc7 19. Nc4 Re8 20. Rad1 g6 21. f3 Kg7 22. Rd2 h5 23. Red1 b5 24. Ne3 Rec8 25. Nd5 Rc1 26. Nxf6 Kxf6 27. Rxc1 Rxc1+ 28. Kf2 Ke6 29. Ke2 f5 30. exf5+ gxf5 31. g3 a5 32. Ke3 Re1+ 33. Kf2 Rh1 34. Ke3 h4 35. gxh4 f4+ 36. Kd3 Re1 37. Re2 Rf1 38. Rc2 Rxf3+ 39. Ke2 Rh3 40. Rc5 Rxh2+ 41. Kf3 Rxa2 42. Rxb5 Kf5 43. h5 Rh2 44. Rxa5 Rxh5 45. Rb5 Rh3+ 46. Kg2 Rc3 47. Rb8 Rc2+ 48. Kf1 e4 49. b4 e3 50. b5 f3 51. Rf8+ Kg4 52. Rg8+ Kh5 53. Rh8+ Kg6 54. Kg1 Rc1+ 55. Kh2 f2 0-1

[Event "ESP-chT Rapid"]
[Site "Ubeda"]
[Date "2023.09.23"]
[Round "3.5"]
[White "Valle Portillo, Jose Daniel"]
[Black "Garcia Sobrino, David"]
[Result "1-0"]
[WhiteElo "2075"]
[BlackElo "2141"]
[PlyCount "83"]
[EventDate "2023.09.23"]
[EventType "team-swiss (rapid)"]
[EventRounds "9"]
[EventCountry "ESP"]
[SourceTitle "CBM 216 Extra"]
[Source "ChessBase"]
[SourceDate "2023.11.30"]
[SourceVersion "1"]
[SourceVersionDate "2023.11.30"]
[SourceQuality "1"]
[WhiteTeam "Patrimonio de la Humanidad"]
[BlackTeam "Pola Paz Estratexia"]
[WhiteTeamCountry "ESP"]
[BlackTeamCountry "ESP"]

1. e4 c5 2. Nf3 Nc6 3. b3 d6 4. Bb5 Bd7 5. 0-0 Nf6 6. Re1 e5 7. c3 a6 8. Bxc6 Bxc6 9. d4 exd4 10. cxd4 Be7 11. Nc3 0-0 12. d5 Bd7 13. e5 Ne8 14. e6 fxe6 15. dxe6 Bc6 16. Nd5 Nf6 17. Nxe7+ Qxe7 18. Bg5 Rae8 19. Nh4 Qc7 20. Bf4 Nd5 21. Bg3 Rf6 22. Qg4 Ne7 23. Rad1 Bd5 24. Qh5 Qc6 25. Bxd6 Rxe6 26. Rxe6 Bxe6 27. Bxe7 Bf7 28. Qxc5 Qe6 29. Nf3 Rxe7 30. Rd8+ Be8 31. h3 h6 32. Nd4 Qe1+ 33. Kh2 Re5 34. Qc4+ Kh7 35. Nf3 Qe2 36. Nxe5 Qxe5+ 37. f4 Qe7 38. Qd3+ Bg6 39. Qd6 Qe4 40. Rd7 Be8 41. Re7 Qc6 42. Qe5 1-0

[Event "Merida World Heritage op 2nd"]
[Site "Merida"]
[Date "2022.08.06"]
[Round "7"]
[White "Valle Portillo, Jose Daniel"]
[Black "Vela Ignacio, Jose Manuel"]
[Result "1-0"]
[WhiteElo "2084"]
[BlackElo "1987"]
[PlyCount "69"]
[EventDate "2022.08.02"]
[EventType "swiss"]
[EventRounds "9"]
[EventCountry "ESP"]
[SourceTitle "EXT 2023"]
[Source "ChessBase"]
[SourceDate "2022.10.05"]
[SourceVersion "1"]
[SourceVersionDate "2022.10.05"]
[SourceQuality "1"]

1. e4 e6 2. d4 d5 3. Nd2 Nf6 4. Bd3 c5 5. e5 Nfd7 6. c3 Nc6 7. Ne2 cxd4 8. cxd4 f6 9. exf6 Qxf6 10. Nf3 h6 11. 0-0 Bd6 12. Nc3 0-0 13. a3 Rd8 14. Be3 Nf8 15. Qc2 Bd7 16. Rac1 Rac8 17. Qb3 a6 18. Na4 b5 19. Nc5 Na5 20. Qa2 Ra8 21. b4 Nc4 22. Nb7 Rdb8 23. Bxc4 Rxb7 24. Bxd5 Rbb8 25. Bxa8 Rxa8 26. d5 e5 27. Bc5 Bg4 28. Nd2 Qg6 29. f3 Bh3 30. Ne4 Bb8 31. Bxf8 Kxf8 32. Rc6 Ba7+ 33. Kh1 Qf5 34. gxh3 Kg8 35. Qg2 1-0

[Event "Merida World Heritage op 2nd"]
[Site "Merida"]
[Date "2022.08.04"]
[Round "5"]
[White "Valle Portillo, Jose Daniel"]
[Black "Campora, Daniel Hugo"]
[Result "0-1"]
[WhiteElo "2084"]
[BlackElo "2397"]
[PlyCount "138"]
[EventDate "2022.08.02"]
[EventType "swiss"]
[EventRounds "9"]
[EventCountry "ESP"]
[SourceTitle "CBM 209 Extra"]
[Source "ChessBase"]
[SourceDate "2022.09.30"]
[SourceVersion "1"]
[SourceVersionDate "2022.09.30"]
[SourceQuality "1"]

1. e4 d6 2. d4 g6 3. Nf3 Bg7 4. Bc4 c6 5. a4 d5 6. exd5 cxd5 7. Bd3 Nc6 8. c3 Nh6 9. 0-0 0-0 10. Re1 f6 11. Qc2 Nf7 12. c4 Nb4 13. Qb3 Nxd3 14. Qxd3 Bf5 15. Qb3 dxc4 16. Qxb7 e5 17. dxe5 Nxe5 18. Nxe5 fxe5 19. Nc3 Rf7 20. Qd5 Qxd5 21. Nxd5 Bd3 22. Bd2 e4 23. Bc3 Raf8 24. Bxg7 Kxg7 25. f3 exf3 26. gxf3 Rxf3 27. Re7+ Kh6 28. Ne3 R3f7 29. Rxf7 Rxf7 30. Ng4+ Kg5 31. Ne5 Rb7 32. Rd1 Rb3 33. Rc1 Rxb2 34. Nxc4 Ra2 35. Rc3 Be4 36. Rg3+ Kf4 37. a5 g5 38. Nd6 Rxa5 39. Nxe4 Kxe4 40. Rh3 Re5 41. Rxh7 a5 42. Kf2 Kd3 43. Rc7 Kd4 44. Kf3 Rc5 45. Ra7 Kc4 46. Ke3 Rb5 47. Kd2 Kb3 48. Kc1 a4 49. Kb1 Ka3+ 50. Kc1 Rc5+ 51. Kb1 Rb5+ 52. Kc1 Kb3 53. Kb1 Rf5 54. Rb7+ Ka3 55. Rg7 Kb3 56. Rb7+ Kc3 57. Rh7 g4 58. Rg7 Rf1+ 59. Ka2 Rg1 60. h4 Kd4 61. h5 Ke4 62. h6 Kf4 63. h7 Rh1 64. Ka3 g3 65. Kxa4 Kf3 66. Kb5 Rh6 67. Kc4 g2 68. Kd3 Kf2 69. Rf7+ Kg3 0-1

[Event "Extremadura-chT"]
[Site "Spain"]
[Date "2009.03.21"]
[Round "9.3"]
[White "Masero Dominguez, Ignacio J"]
[Black "Valle Portillo, Jose Daniel"]
[Result "0-1"]
[WhiteElo "1817"]
[BlackElo "1748"]
[PlyCount "116"]
[EventDate "2009.01.17"]
[EventType "team-swiss"]
[EventRounds "9"]
[EventCountry "ESP"]
[SourceTitle "EXT 2011"]
[Source "ChessBase"]
[SourceDate "2010.11.26"]
[SourceVersion "1"]
[SourceVersionDate "2010.11.26"]
[SourceQuality "1"]
[WhiteTeam "Miguel Illescas"]
[BlackTeam "Ateneo Cacereno II"]
[WhiteTeamCountry "ESP"]
[BlackTeamCountry "ESP"]

1. d4 d5 2. e3 e6 3. c4 Nf6 4. a3 c5 5. Nf3 Nc6 6. Nc3 a6 7. Be2 Bd6 8. dxc5 Bxc5 9. b4 Be7 10. Bb2 0-0 11. cxd5 Nxd5 12. Nxd5 Qxd5 13. Qxd5 exd5 14. 0-0 Be6 15. Rfd1 Rfd8 16. Nd4 Nxd4 17. Bxd4 Rac8 18. Rac1 Re8 19. h3 Red8 20. Bf3 Rc6 21. g4 Rdc8 22. Rxc6 bxc6 23. Be2 a5 24. bxa5 Bxa3 25. a6 Ra8 26. Rb1 c5 27. Be5 Bb4 28. Bd6 Bc8 29. Ra1 Bc3 30. Ra2 c4 31. a7 Be6 32. Ra6 Bc8 33. Rc6 Bb7 34. Rc7 Rxa7 35. Bc5 Ra1+ 36. Bf1 Ba6 37. Rd7 Bf6 38. Kg2 c3 39. Bxa6 Rxa6 40. Bd4 Rc6 41. Rb7 h6 42. Bxf6 gxf6 43. Rb1 Kg7 44. Kf3 c2 45. Rc1 Kg6 46. Ke2 f5 47. Kd3 fxg4 48. hxg4 f5 49. gxf5+ Kxf5 50. Rxc2 Rxc2 51. Kxc2 Kg4 52. Kd2 Kf3 53. Ke1 h5 54. Kf1 h4 55. Kg1 h3 56. Kh2 Kxf2 57. Kxh3 Kxe3 58. Kg3 d4 0-1

[Event "Extremadura-chT"]
[Site "Spain"]
[Date "2009.02.14"]
[Round "5.3"]
[White "Velazquez Luque, Javier"]
[Black "Valle Portillo, Jose Daniel"]
[Result "1/2-1/2"]
[WhiteElo "1649"]
[BlackElo "1748"]
[PlyCount "100"]
[EventDate "2009.01.17"]
[EventType "team-swiss"]
[EventRounds "9"]
[EventCountry "ESP"]
[SourceTitle "EXT 2011"]
[Source "ChessBase"]
[SourceDate "2010.11.26"]
[SourceVersion "1"]
[SourceVersionDate "2010.11.26"]
[SourceQuality "1"]
[WhiteTeam "Pardaleras"]
[BlackTeam "Ateneo Cacereno II"]
[WhiteTeamCountry "ESP"]
[BlackTeamCountry "ESP"]

1. e4 e5 2. f4 exf4 3. Nf3 Be7 4. Bc4 Bh4+ 5. Kf1 d6 6. d3 Bg4 7. Bxf4 Qf6 8. Bc1 Nd7 9. Nbd2 Ne5 10. Qe2 Ne7 11. d4 Nxf3 12. Nxf3 Bxf3 13. Qxf3 Qxf3+ 14. gxf3 Nc6 15. c3 0-0 16. Bf4 Kh8 17. Bg3 Bxg3 18. hxg3 f5 19. Kg2 fxe4 20. fxe4 Rf6 21. Raf1 Raf8 22. Bd3 h6 23. b4 g5 24. Rxf6 Rxf6 25. Rf1 Kg7 26. b5 Ne7 27. c4 c5 28. d5 Ng6 29. Rxf6 Kxf6 30. Kf3 Ne5+ 31. Ke3 Nxd3 32. Kxd3 h5 33. Ke3 h4 34. gxh4 gxh4 35. Kf4 h3 36. e5+ dxe5+ 37. Kg3 e4 38. Kxh3 Kf5 39. Kg3 Kg5 40. a4 b6 41. d6 Kf6 42. d7 Ke7 43. d8Q+ Kxd8 44. Kf4 Kc7 45. Kxe4 Kb7 46. Kd5 Kc7 47. Ke6 Kc8 48. Kd6 Kd8 49. Kc6 Kc8 50. Kd6 Kd8 1/2-1/2

[Event "ESP-ch U12"]
[Site "Padron"]
[Date "2008.07.06"]
[Round "2"]
[White "Valle Portillo, Jose Daniel"]
[Black "Capote Robayna, Nathaniel"]
[Result "1/2-1/2"]
[WhiteElo "1550"]
[BlackElo "1764"]
[PlyCount "68"]
[EventDate "2008.07.06"]
[EventType "swiss"]
[EventRounds "9"]
[EventCountry "ESP"]
[SourceTitle "EXT 2009"]
[Source "ChessBase"]
[SourceDate "2008.11.26"]
[SourceVersion "1"]
[SourceVersionDate "2008.11.26"]
[SourceQuality "1"]

1. e4 c5 2. Nc3 d6 3. f4 Nc6 4. Nf3 e6 5. Bc4 Nge7 6. 0-0 g6 7. d3 Bg7 8. Qe1 0-0 9. f5 d5 10. Bb3 dxe4 11. f6 Bxf6 12. Nxe4 Bg7 13. Nxc5 Nf5 14. Ne4 Ncd4 15. Nxd4 Qxd4+ 16. Qf2 Qxf2+ 17. Nxf2 a5 18. a3 a4 19. Ba2 Nd4 20. c3 Nf5 21. d4 Rd8 22. Ne4 h6 23. Bf4 Bd7 24. Ng3 Bb5 25. Rfe1 Nh4 26. Ne4 Bc6 27. Bg3 Nf5 28. Bf4 g5 29. Bg3 Bf8 30. Be5 Be7 31. Bf6 Bxf6 32. Nxf6+ Kg7 33. Ne4 Nh4 34. Re2 Nf5 1/2-1/2